figure out the lana del rey song pt 4 - Statistics

General Stats
  • This quiz has been taken 115 times
  • The average score is 177 of 265
Answer Stats
Answer % Correct
i
100%
you
98%
the
95%
a
94%
an
91%
me
87%
my
86%
and
85%
to
84%
be
83%
on
80%
do
79%
in
78%
hear
76%
so
76%
that
76%
of
75%
we
75%
baby
74%
im
74%
like
72%
can
71%
dont
70%
am
69%
been
69%
but
69%
ive
69%
not
69%
just
68%
at
67%
get
66%
too
66%
got
64%
mind
64%
summer
64%
it
63%
time
63%
ride
62%
drive
61%
hard
61%
into
61%
war
61%
daddy
60%
his
60%
road
60%
see
60%
tryin
60%
with
60%
breeze
59%
fast
59%
alone
57%
birds
57%
fucking
57%
out
57%
trouble
56%
crazy
55%
open
55%
say
55%
eyes
53%
feeling
53%
gold
53%
now
53%
pretty
53%
white
53%
all
52%
full
52%
midnight
52%
stars
52%
down
51%
has
51%
old
51%
tired
51%
life
49%
long
49%
singing
49%
thats
49%
getting
48%
leave
48%
one
48%
song
47%
til
47%
good
46%
high
46%
blues
45%
day
45%
driving
45%
or
45%
way
44%
cold
43%
myself
43%
hot
41%
keep
41%
made
41%
father
40%
turn
40%
dry
39%
young
39%
art
38%
break
38%
bye
38%
around
37%
dark
37%
sane
36%
talk
36%
drink
33%
playing
33%
dying
32%
travelin
30%
till
20%
doves
3%
No matching quizzes found
Score Distribution
Percent of People with Each Score
Percentile by Number Answered
Your Score History
You have not taken this quiz